00723nam a22002177a 4500003000900000008004100009040007100050082001900121110002000140245003200160260005300192300002600245505010400271650001500375650001600390650001600406700002000422700001900442700002600461700001800487AR-CdUCM190306b ||||| |||| 00| 0 spa d aMUNICIPALIDAD PROVINCIAL DEL CUSCOcBIBLIOTECA MUNICIPAL DEL CUSCO a803.08 / bB46 aDigest, Readers aBiblioteca de selecciones / aMéxico :bEditora san Mateo Tecoloapan,c1969. a479 paginas ;c19 cm. aContenido :El gato salvaje -- La confesión de la reina -- El que se fue a la mar -- Madre tierra. aLiteratura aColecciones aHistorietas aEckert, Allan W aHolt, Victoria aVance Marshall, James aBuck, Pearl S